Normal view
MARC view
- Ladākh (India)
Entry Geographic Name
001 - CONTROL NUMBER
- control field: 1367
003 - CONTROL NUMBER IDENTIFIER
- control field: NUST
005 - DATE AND TIME OF LATEST TRANSACTION
- control field: 20170523144633.0
008 - FIXED-LENGTH DATA ELEMENTS
- fixed length control field: 170523|| aca||aabn | a|a d
040 ## - CATALOGING SOURCE
- Original cataloging agency: NUST
- Transcribing agency: NUST
151 ## - HEADING--GEOGRAPHIC NAME
- Geographic name: Ladākh (India)
- General subdivision: Gazetteers.
670 ## - SOURCE DATA FOUND
- Source citation: Work cat.: (NUST)0: Gazetteer of Kashmir and Ladak :, 1991.
